000 00688nam a2200205 i 4500
001 52191
003 ES-MaACL
005 20250916201037.0
007 t|
008 030826s1966 sp ||||1| spa d
100 1 _aChauchard, Paul.
_938194
245 1 3 _aEl pensamiento científico de Teilhard /
_cPaul Chauchard ; [traducción de Carmen Lasso de la Vega Menéndez].
250 _a1ª ed.
260 _aBarcelona :
_bEdiciones 62,
_c1966.
300 _a262 p. ;
_c20 cm.
600 1 4 _aTeilhard de Chardin, Pierre,
_d1881-1955-
_xCrítica e interpretación
_9109522
700 1 _aLasso de la Vega Menéndez, Carmen.
_970479
852 4 _aES-MaACL
_jC-30805
999 _c52191
_d52191